[Event "Poikovsky Karpov 03rd"]
[Site "Poikovsky"]
[Date "2002.04.18"]
[Round "3"]
[White "Aleksandrov, Aleksej"]
[Black "Obodchuk, Andrei"]
[Result "1-0"]
[WhiteElo "2654"]
[BlackElo "2435"]
[Annotator "Stohl,I"]
[PlyCount "91"]
[EventDate "2002.04.16"]
[EventType "tourn"]
[EventRounds "9"]
[EventCountry "RUS"]
[EventCategory "16"]
[SourceTitle "CBM 089"]
[Source "ChessBase"]
[SourceDate "2002.08.12"]
[SourceVersion "1"]
[SourceVersionDate "2002.08.12"]
[SourceQuality "1"]

1. d4 Nf6 2. c4 c5 3. d5 b5 4. cxb5 a6 5. bxa6 g6 6. Nc3 Bxa6 7. g3 d6 8. Bg2
Bg7 9. Nf3 Nbd7 10. O-O O-O (10... Nb6 $142) 11. Qc2 {White has been allowed
to play Qc2 and he can protect his Pd5 and the <<(Pb2) more harmoniously and
without any premature pawn advances-notice White's Pe2 will stay on this
square till the end of the game.} Qa5 12. Bd2 Rfb8 13. Rfd1 Ne8 (13... Ng4 $142
$5 14. b3 (14. Be1 Nge5 15. Nxe5 Nxe5 (15... Bxe5 16. Rdb1 Ra7 17. a4 Rab7 18.
b3 Qc7 19. Ra2 Qc8 20. Nd1 $14 {Reefschlaeger,H-Kasparov,G/Hamburg sim/1987/})
16. b3 Bc8 17. Na4 Qb5 18. Rab1 Bf5 19. Be4 Bg4 20. Nc3 Qa6 21. f4 Nd7 22. Bd3
Qa7 23. Kg2 Nb6 24. Be4 Qd7 25. a4 c4 $5 26. b4 Nxa4 27. Nxa4 Qxa4 28. Qxc4 Rc8
$14 {<=>,עg2,Grigore,G-Vajda,L/ROM-ch Iasi/1999/}) 14... Qa3 (14... Qb6 15. h3
Nge5 16. Nxe5 Nxe5 17. Rab1 Bc8 {Van der Sterren,P-Adams,M/Ter Apel/1992/} 18.
Kh2 $14) 15. Bc1 $5 (15. Rab1 Bc8 16. Na4 Ndf6 17. Ne1 Nxf2 $5 18. Kxf2 Ng4+
19. Kf1 Nxh2+ 20. Kg1 Ng4 21. e3 Bh6 22. Qc1 Rxa4 23. bxa4 Rxb1 24. Qxa3 Rxd1
$44 {Kakageldyev,A-Vaganian,R/URS/1979/}) 15... Qa5 16. Bb2 $14) 14. Be1 $146 {
[%mdl 32] White proceeds by making a number of prophylactic moves and quietly
improving his position-typical strategy for the fianchetto Volga.} (14. Bh3 Bc8
15. Be1 Nc7 16. e3 Qa6 17. Bf1 Qb7 18. Rab1 Nb6 19. e4 Bg4 20. Be2 Nd7 21. h3
Bxf3 22. Bxf3 Qa7 23. a3 Bxc3 24. Bxc3 Nb5 25. Re1 Nxc3 26. Qxc3 h5 27. Kg2 Qa5
28. Re3 Qxc3 29. Rxc3 Ra4 $44 {Hort,V-Benko,P/New York/1974/}) (14. h4 Nc7 15.
h5 Qb4 (15... Nb5 $142 $5 $13) 16. hxg6 hxg6 17. Rab1 Nb5 18. Ne4 Nd4 19. Nxd4
Qxd4 20. Bc3 $6 (20. Bg5 $1 $36) 20... Qc4 $11 {Littlewood,J-Webb,S/Morecambe/
1975/}) 14... Ra7 15. h3 Qd8 ({Consistent was} 15... Rab7 {but White
nevertheless maintains his edge by} 16. Rab1 $14 {/\} (16. b3 c4 $5 $132) 16...
Bxc3 17. Bxc3 Qxa2 18. Nd2 $1 Bxe2 19. Ra1 (19. Re1 Qa6 $132) 19... Rxb2 (19...
Bxd1 20. Qxd1 Rxb2 21. Rxa2 Rxa2 22. Nc4 $18) 20. Qc1 $1 Rxd2 21. Rxd2 Qc4 22.
Rb2 $36) (15... Nc7 $5 $14) 16. Rab1 Nc7 17. b3 Qf8 18. a4 $5 $14 {[%cal Yc3a2,
Ye1c3] /+/-,/\Na2,Bc3} e6 $6 {In the A58 lines this [+] <=> is rarely too
effective, as White's >> is well protected by the Bg2.} (18... Rab7 $142) 19.
dxe6 fxe6 20. h4 $36 (20. e4 $5 Rab7 (20... Ne5 21. Nxe5 Bxe5 22. Na2 {[%cal
Ye1c3,Yb3b4] /\Bc3,b4+/-}) 21. Na2 d5 22. Ba5 $36) 20... d5 21. Bh3 Nf6 22. Bd2
Re8 $2 (22... d4 $5 23. Nb5 $8 (23. Ne4 $2 Bxe2 $17) 23... Nxb5 $5 (23... Bxb5
24. axb5 Rxb5 25. b4 $14) 24. axb5 Bxb5 25. Bxe6+ Kh8 $14) 23. Bf4 d4 24. Bxc7
$1 (24. Ne4 $2 Nxe4 25. Qxe4 Bb7 26. Qc2 e5 $40) 24... Rxc7 (24... dxc3 $2 25.
Bd6 $18) 25. Nb5 Bxb5 (25... Rb7 26. Ng5 $36 (26. Qc4 Ne4 $5 27. Bxe6+ Kh8 28.
Bd5 Rbe7 $132 {/\} 29. Bc6 Nc3 30. Bxe8 Nxe2+ 31. Kg2 Qxf3+ $1 32. Kxf3 Bb7+
33. Kg4 Bc8+ $11)) 26. axb5 Nd5 27. Ng5 Qf6 (27... Qd6 28. Qd3 {/\Ra1+/-}) 28.
Ra1 $16 Bh6 (28... Nc3 29. Ne4 $16) 29. Ra6 $6 (29. Ne4 $142 Qe7 30. Ra5 $16)
29... Bxg5 (29... Nb4 30. Rxe6 Nxc2 (30... Rxe6 31. Qc4 $1 $18) 31. Rxf6 Bxg5 (
31... Rxe2 32. Ne6 $18) 32. hxg5 $16 {/+-} (32. b6 $5)) 30. hxg5 Qe5 (30...
Qxg5 31. Rxe6 (31. Bxe6+ $143 Kg7) 31... Rf8 32. Qc4 Rcf7 33. Bg2 Nc3 34. Rf1 {
[%cal Rb5b7] /\b6-b7}) 31. Qc4 Rf7 $1 {[%mdl 64] Now tactics become the main
consideration.} (31... Nc3 32. Re1 $5 $16 (32. Rxe6 Rxe6 33. Qxe6+ Qxe6 34.
Bxe6+ Kf8 35. Ra1 $16)) 32. Rf1 $2 (32. Qxc5 Rxf2 (32... Qxe2 33. Qxd4 Nc3 34.
Rf1 $16 {/+-}) 33. Kxf2 Qe3+ (33... Rf8+ 34. Qxf8+ Kxf8 35. Rxe6 $18) 34. Kf1
Rf8+ (34... Nc3 35. Bxe6+ Rxe6 36. Ra8+ Re8 37. Rxe8+ Qxe8 38. Qc4+ $18) 35.
Qxf8+ $8 (35. Ke1 Qxg3+ 36. Kd2 Qe3+ $11 37. Kc2 $4 d3+ $19) 35... Kxf8 36. Rd3
$14) 32... Ne3 $1 {White was ready to take on c5, or advance his o^b5, this
tactical fling is Black's only chance.} 33. fxe3 Qxg3+ (33... Qxe3+ 34. Kh2
Rxf1 35. Bxf1 Qf2+ 36. Bg2 $18) 34. Bg2 Rxf1+ $2 (34... Qxe3+ 35. Kh1 (35. Kh2
Qe5+ 36. Kh3 Rxf1 37. Bxf1 Qf5+ 38. Kg2 Qxg5+ 39. Kh1 Qh6+ 40. Kg1 Qe3+ $11)
35... Rxf1+ 36. Bxf1 Qe4+ 37. Bg2 Qh4+ 38. Kg1 Qe1+ 39. Kh2 (39. Bf1 Qg3+ 40.
Kh1 Qh4+ 41. Kg2 Qxg5+) 39... Qh4+ 40. Bh3 Qf4+ 41. Kh1 (41. Kg1 Qe3+ $11)
41... Qe4+ $11) 35. Kxf1 dxe3 (35... Rf8+ 36. Bf3 Rxf3+ 37. exf3 Qxf3+ 38. Ke1
Qxe3+ 39. Kd1 $18) 36. Kg1 $8 $18 Kh8 (36... Rf8 37. Kh1 Rf2 38. Qxe6+ $18 {
and White's attack comes in first.}) 37. Qc3+ (37. Qe4 $142) 37... Kg8 (37...
e5 38. Rf6 Rd8 39. Qc1 Qxg5 40. Rf3 e4 41. Qxe3 $1 $18 (41. Rxe3 $4 Rd1+ 42.
Qxd1 Qxe3+ 43. Kh2 Qf4+ $11)) 38. Qc4 $138 Kh8 39. Qc3+ Kg8 40. Qf6 $1 Rf8 41.
Qxe6+ Kh8 42. Ra1 (42. Qe7 $4 Rf1+ $19) 42... Qf2+ 43. Kh1 Qh4+ (43... Qxe2 44.
Qe5+ $18) 44. Qh3 Qxg5 45. b6 Qe5 46. Ra7 (46. Ra7 h5 47. Qd7 $18) 1-0

[Event "Elista FIDE GP"]
[Site "Elista"]
[Date "2008.12.21"]
[Round "7"]
[White "Alekseev, Evgeny V"]
[Black "Grischuk, Alexander"]
[Result "0-1"]
[WhiteElo "2715"]
[BlackElo "2719"]
[Annotator "Krasenkow,M"]
[PlyCount "100"]
[EventDate "2008.12.14"]
[EventType "tourn"]
[EventRounds "13"]
[EventCountry "RUS"]
[EventCategory "19"]
[SourceTitle "CBM 128"]
[Source "ChessBase"]
[SourceDate "2009.01.28"]
[SourceVersion "1"]
[SourceVersionDate "2009.01.28"]
[SourceQuality "1"]

1. d4 Nf6 2. c4 g6 3. g3 c5 4. d5 b5 5. cxb5 a6 6. bxa6 d6 7. Bg2 Bg7 8. Nc3
O-O 9. Nh3 Bxa6 10. O-O Nbd7 11. Bd2 Qb6 12. Qc2 {White's plan includes Ra1-b1,
b2-b3 but what to do later? That will depend on Black's actions but if Black
plays accurately, he can deprive White of any activity.} (12. Rb1 Rfb8 13. b3
Ne8 (13... Ne5 $142 $1) 14. Qc2 Nc7 15. a4 Nf6 16. Nf4 Ra7 17. b4 $1 cxb4 18.
Be3 $16 {1/2-1/2 Antoshin,V-Mihaljcisin,M/Sarajevo 1970/EXT 1998 (72)}) 12...
Rfb8 13. Rab1 Ne5 {This knight looks unsafe but it is active! Black played
much worse in the following game:} (13... Qa7 14. b3 Ne8 15. Ng5 h6 16. Nf3 Nc7
17. Rfe1 Nb5 $6 18. Nxb5 Rxb5 19. e4 Rab8 20. Bc3 {This bishop exchange is
White's dream in this system!} Bb7 21. Bf1 Rb6 22. Bxg7 Kxg7 23. Rbd1 $16 {
1-0 Alekseev,E-Inarkiev,E/Moscow RUS 2008/(49)}) 14. b3 Bc8 {Black wants to
play ...Bf5 to force e2-e4 and thus weaken the light squares in White's camp.}
15. Ng5 {And here is Black's "dream game":} (15. Kh1 Qa6 16. Ng1 Bf5 $1 17. e4
{[%csl Rd3]} Bd7 18. Rfd1 Nd3 19. Bf1 Nb4 20. Bxa6 Nxc2 21. Bc4 Ng4 22. Kg2 Na3
23. Rbc1 Nxc4 24. bxc4 Ne5 $17 {0-1 Popov,V-Kryschilovskij,A/St Petersburg
2002/CBM 086 ext (41)}) 15... Bf5 $1 16. e4 Bd7 $146 (16... Bc8 17. Na4 Qa7 18.
Nf3 (18. Bc3 $5) 18... Nfg4 19. Nxe5 Nxe5 20. Rfc1 Bd7 21. Nc3 c4 22. bxc4 Nxc4
23. Be1 Rxb1 24. Nxb1 Na3 25. Nxa3 Qxa3 $11 {1/2-1/2 Ionov,S-Collutiis,D/
Cappelle la Grande 2003/CBM 092 ext (40)}) 17. Nf3 Nfg4 18. Ne1 $5 {White
wants to exploit the "hanging" position of Black's knights.} (18. Nxe5 Nxe5 $44
) 18... f5 $1 {A typical idea of dynamic counterplay.} (18... c4 $5 {was
another option:} 19. h3 Nf6 20. bxc4 Qc7 $44) 19. Nd3 {White can't bring
himself to "accept his mistake", which still led to a complicated position:} (
19. Nf3 Nxf3+ (19... fxe4 20. Nxe5 Bxe5 21. Nxe4) 20. Bxf3 Bd4 $44) 19... Nxd3
20. Qxd3 fxe4 (20... Bxc3 $5 21. Bxc3 Rxa2 {- Black regains the pawn and
creates pressure on the f2-pawn} ({rather than} 21... Bb5 22. Qd2 Bxf1 23. Rxf1
$44)) (20... Bd4 $5) 21. Qe2 $6 {"The greater evil".} (21. Bxe4 Bd4 $1 {
[%csl Rf2]}) (21. Qxe4 $5 Rf8 $5 $36 (21... Bd4 $6 22. Qxe7) (21... Bf5 22. Qe2
Qa6 $5 $36 (22... Bxb1 23. Qe6+ Kh8 24. Rxb1 Ne5 $15)) 22. Qxe7 $6 Rf7 23. Qe2
Bd4) 21... Qa6 (21... Rf8 $5) ({but the best of several attractive options was
probably} 21... Qa5 $5 22. Rbc1 (22. Nxe4 Qxa2 $17) 22... e3 $1 23. fxe3 Bxc3
24. Bxc3 Qxa2 {winning the b3-pawn with no compensation for White.}) 22. Qxa6
Rxa6 23. Bxe4 (23. a4 Nxf2 $1 24. Kxf2 (24. Rxf2 e3 $1 25. Bxe3 Bxc3 $17 {
[%csl Rb3]}) 24... Bd4+ 25. Ke2 Bg4+ 26. Ke1 e3 $17) 23... Bxc3 24. Bxc3 Rxa2
$17 {[%mdl 4096] Black has recaptured the pawn and has a clear advantage due
to his superior pawn structure.} 25. f3 (25. b4 cxb4 26. Rxb4 Rxb4 27. Bxb4 Bb5
$17) 25... Nf6 26. Rf2 (26. b4 Nxe4 (26... cxb4 27. Rxb4 Rxb4 28. Bxb4 Ra4 29.
Rb1 Bf5 $17) 27. fxe4 Rc2 28. Rf3 Bh3 $19 29. b5 $140 Ra8 30. g4 $8 Bxg4 31.
Rg3 Bc8) 26... Ra3 (26... Nxe4 $1 27. fxe4 Ra3 28. Rfb2 Bb5 {[%cal Rb5d3]} 29.
Re1 Ba6 {winning the b3-pawn and consequently the game.}) 27. Bxf6 $1 exf6 28.
Rfb2 {At least keeping material equality although Black's positional advantage
is obvious.} Ra7 (28... Bb5 $5 {to prevent Be4-d3.}) 29. Kf2 Kf7 30. Bd3 Rab7
31. Ke3 Rb4 32. Kd2 Bb5 {A typical "exchange of a defender", although there
was no need to hurry with it:} (32... Rd4 $142 33. Kc2 (33. Kc3 Re8) 33... Kf8
$5 {and the d5-pawn falls.} (33... Re8 $143 34. Rd1)) 33. Bxb5 R8xb5 34. Kc3 (
34. Ra2 $1 Rb7 35. Kc3) 34... Rb7 (34... Ra5 $1) 35. Rd1 $6 {Passive defence
leads to a gradual defeat. It was necessary to immediately activate a rook:} (
35. Ra2 $1 {e.g.} Rd4 (35... c4 {is senseless due to} 36. Rab2) (35... Re7 36.
Ra6 Re3+ 37. Kc2 $1 Rxf3 38. Rxd6 $15) (35... R4b6 $5 $15) 36. Rd2 (36. Rba1 $5
Rxd5 (36... g5 37. Ra7 Rxa7 38. Rxa7+ Kg6 39. b4 $1 Rxb4 (39... Rxd5 40. b5 Rd1
41. Ra3 $1) 40. Ra6 $11) 37. Ra7 Rxa7 38. Rxa7+ Kg8 39. Rd7 $15) 36... Rxd2 37.
Kxd2 $15) 35... g5 36. Rdd2 Re7 37. Re2 Re5 38. Rbd2 h5 39. Rxe5 fxe5 40. Ra2 {
Too late!} Rd4 41. Ra7+ Kf6 42. Rh7 Kg6 43. Re7 Rxd5 44. Re6+ Kg7 45. b4 $5 {
Otherwise 45...Rd4} cxb4+ 46. Kxb4 g4 $1 47. fxg4 hxg4 48. Kc4 Rd4+ 49. Kc3 Kf7
50. Rh6 Ke7 {Black's central pawn pair brings him an easy victory.} 0-1

[Event "Dubai op"]
[Site "Dubai"]
[Date "2001.04.25"]
[Round "9"]
[White "Anastasian, Ashot"]
[Black "Annageldyev, Orazly"]
[Result "0-1"]
[WhiteElo "2574"]
[BlackElo "2503"]
[Annotator "Stohl,I"]
[PlyCount "59"]
[EventDate "2001.04.15"]
[EventType "swiss"]
[EventRounds "9"]
[EventCountry "UAE"]
[SourceTitle "CBM 083"]
[Source "ChessBase"]
[SourceDate "2001.07.05"]
[SourceVersion "1"]
[SourceVersionDate "2001.07.05"]
[SourceQuality "1"]

1. d4 Nf6 2. c4 c5 3. d5 b5 4. cxb5 a6 5. bxa6 e6 $5 {A very unusual sideline,
which is however not so bad as it's reputation. Black apart from the usual
Volga << pressure wants to play in the [+], using his slight development
advantage. If White plays sensibly, he should be able to get an edge, but it's
still a long way from a full point-the below mentioned games
Magerramov-Annageldyev were both only drawn.} 6. Nc3 {Logical, otherwise
Black's pawn [+] gives him reasonable compensation.} (6. dxe6 fxe6 7. e3 (7.
Nf3 d5 8. g3 Bd6 9. Bg2 O-O 10. O-O Nc6 11. Nc3 Rxa6 12. e4 d4 13. Nb5 Nxe4 14.
Re1 Nf6 15. Ng5 Qe7 16. Nxd6 Qxd6 17. Bf4 e5 18. Bxc6 Qxc6 19. Bxe5 h6 20. Qb3+
Kh8 $40 {Bangiev,A-Annageldyev,O/Simferopol/1989/}) 7... Be7 8. Nf3 O-O 9. Be2
Bxa6 10. O-O Nc6 11. Nc3 d5 12. Bxa6 Rxa6 13. Qe2 Ra8 14. Rd1 Kh8 15. e4 d4 16.
b3 Qb8 17. Na4 Ne5 18. Bf4 Nxf3+ 19. Qxf3 Qb7 20. Bg3 Nxe4 21. Qg4 Nxg3 $132 {
1/2,Moehring,G-Bielczyk,J/Zamardi/1978/}) 6... Nxd5 (6... Bxa6 $143 7. e4 {
[%csl Gd5] is against the logic of Black's system, as White maintains the
d5-outpost.} (7. g3 $5 exd5 8. Bg2 $16 {is also possible})) (6... exd5 7. Nxd5
Bxa6 8. Bg5 $5 $16) 7. Nxd5 exd5 8. Qxd5 Nc6 9. e4 (9. Nf3 Be7 (9... Bxa6 10.
Bd2 $5 {can lead to the same position.}) 10. Bd2 $142 $5 (10. Ne5 O-O 11. Nxc6
dxc6 12. Qxd8 Rxd8 13. e3 Bf6 14. Bc4 Bxa6 15. Bxa6 Rxa6 16. Ke2 (16. a3 c4 17.
Ke2 Rb6 18. Ra2 Rdb8 19. Kf3 Bxb2 20. Bxb2 Rxb2 21. Rxb2 Rxb2 22. Rc1 Rb3 23.
Rxc4 Rxa3 24. Rxc6 h5 {1/2,Andruet,G-Rogers,I/Wijk aan Zee/1989/}) 16... c4 17.
Rd1 Rb8 18. Kd2 {Sahovic,D-Rogers,I/Nis/1985/} Rab6 $11 {/+/=}) 10... Bxa6 11.
e3 Bxf1 12. Kxf1 O-O 13. g3 Nb4 14. Bxb4 cxb4 15. Kg2 Ra5 16. Qb7 Qa8 17. Qxa8
Rfxa8 18. Rhd1 R8a7 19. Rd2 Bf6 20. Rc1 g6 21. Rc8+ Kg7 22. Rb8 Be7 23. Nd4
Rxa2 24. Nb5 Ra8 25. Rxa8 Rxa8 26. Rxd7 Kf8 $14 {Magerramov,E-Annageldyev,O/
Azov/1991/}) (9. e3 Be7 10. Bc4 (10. Nf3 O-O 11. Bd2 Qb6 12. Bc3 (12. Qb3 Qa7
13. Bc3 Bxa6 14. Qa4 Bxf1 15. Qg4 g6 16. Kxf1 d5 17. h4 h5 18. Qf4 Rad8 19. Rh3
d4 20. exd4 cxd4 21. Bd2 Qb6 22. b3 Nb4 23. Rg3 Nd5 24. Qh6 Bf6 25. Ng5 Bxg5
26. Bxg5 Rc8 $132 {Gunawan,R-Rogers,I/Thessaloniki olm/1984/}) 12... Bxa6 13.
Qxd7 Rfd8 14. Qg4 Bf8 15. Bxa6 Qxa6 16. Ne5 Nb4 17. Bxb4 cxb4 18. Qe2 b3 19.
Qxa6 Rxa6 20. Ke2 bxa2 21. Rhc1 g6 22. Rc2 Bg7 23. Nc6 Rda8 24. Nb4 Rb6 25.
Rxa2 Rxa2 26. Nxa2 Bxb2 27. g4 $14 {Magerramov,E-Annageldyev,O/Pavlodar/1987/
A very similar endgame arose 4 years later in a game between the same
opponents.}) 10... O-O 11. Ne2 Bxa6 12. Bd2 Qb6 13. O-O Qxb2 14. Bc3 Qb7 15.
Bxa6 Rxa6 16. Nf4 Nd8 17. Rfb1 Qc6 18. a4 Bd6 19. Qg5 f6 20. Qd5+ Qxd5 21. Nxd5
Nc6 22. Kf1 $14 {Fish,G-Nun,J/Pardubice op/1996/}) 9... Be7 (9... Bxa6 10. Bxa6
Qa5+ 11. Bd2 Qxa6 12. Ne2 Be7 13. Bc3 O-O 14. Qd2 {[%cal Ye1g1] /\0-0+/-}) 10.
Bc4 {After this natural move White loses a tempo, if he later plays Bxa6-from
now Black will have full-blooded <=>.} (10. Nf3 $5 Bxa6 11. Bxa6 Qa5+ 12. Bd2
Qxa6 13. Ne5 O-O (13... Nd4 14. Qxf7+ Kd8 15. Qc4 Qxc4 16. Nxc4 Nc2+ 17. Ke2
Nxa1 18. Rxa1 $16) 14. Nc4 Bf6 15. O-O Ne7 16. Qd3 $14 {/+/-,Derieux,C-Kuntz,P/
Cannes/1996/}) 10... O-O 11. Ne2 (11. Nf3 Bxa6 12. Bd2 Qb6 13. O-O Qxb2 14.
Rfb1 Bxc4 15. Qxc4 Qf6 16. Bg5 Qe6 17. Qxe6 fxe6 (17... dxe6 $5 $11) 18. Bxe7
Nxe7 19. Rb7 Rfd8 20. Rd1 Rxa2 21. h4 Nc6 22. Rdxd7 Rxd7 23. Rxd7 Ra7 24. Rd6
Rc7 25. Ng5 $16 {Golod,V-Nun,J/Ceske Budejovice op/1994/}) 11... Bxa6 12. Bxa6
Qa5+ $1 ({Less natural is} 12... Nb4 $6 13. Qc4 Rxa6 14. O-O d5 15. exd5 Qxd5
16. Qxd5 Nxd5 17. Rd1 Nb4 18. a3 c4 19. Nf4 g5 20. Nd5 Nxd5 21. Rxd5 Bf6 22.
Rc5 Re8 23. g4 {Atanu,L-Annageldyev,O/Sangli/2000/} Ra4 $16 {/+/=}) (12... Rxa6
13. O-O Nb4 14. Qc4 {-12...Nb4?!}) 13. Qd2 (13. Bd2 Qxa6 14. Bc3 {Note White
is a move down compared to 9...Ba6.} Nb4 15. Bxb4 cxb4 $132) 13... Qxa6 14. O-O
Bf6 $44 15. Nc3 (15. f4 $6 d6 16. Rf3 Rfe8 17. Ng3 Qc4 18. Qd3 Bd4+ 19. Kf1
Qxd3+ {1/2,Spicak,K-Bielczyk,J/Katowice/1995/} 20. Rxd3 Nb4 $36) 15... Be5 $5
$146 {[%cal Re5h2] /\Bh2} (15... Nb4 16. Qxd7 Nc2 17. Rb1 Rfd8 18. Qg4 Na3 19.
bxa3 (19. Ra1 $11) 19... Bxc3 20. h4 Qd3 $13 {[%csl Gc5] o^c,Razuvaev,Y-Pytel,
K/Polanica Zdroj/1972/}) (15... Nd4 16. Qd1 Rfb8 17. Rb1 Nb5 18. Nd5 Bd4 19. a3
Qe6 20. Qc2 Rc8 21. a4 (21. Bf4 $142 $14) 21... Nd6 22. Re1 Rc6 23. Bd2 f5 24.
Nf4 Qc4 $132 {Brinck Claussen,B-Nielsen,P/Aarhus/1981/}) 16. Re1 $2 {White
looses a tempo and hands over the initiative to Black.} ({He has serious
problems with finishing his development and his best was probably the risky} 
16. Qxd7 $5 Rfd8 (16... Nb4 $5 17. Rd1 {-16.Rd1} (17. Be3 Nc2 (17... Nd3 $5)
18. Bxc5 Rfd8 19. Qg4 Nxa1 20. Rxa1 Qb7 21. Qe2 Qc7 $36)) 17. Qg4 $1 (17. Qh3
Rd3 $36) 17... Qc4 $13 (17... Bxh2+ $2 18. Kxh2 Qxf1 19. Bh6 $18)) (16. Rd1 Nb4
$5 (16... d6 17. Nd5 Rab8 $132) 17. Qxd7 Bd4 $44 {[%cal Yb4d3] /\Nd3} (17...
Nc2 18. Rb1 Na3 19. bxa3 Bxc3 20. Qb5 $14)) 16... Nb4 {[%cal Rb4d3] /\Nd3} 17.
Rd1 Qc4 (17... Rfd8 $5 {[%cal Yc5c4,Yb4d3] /\c4,Nd3|^}) 18. a3 (18. a4 f5 (
18... Qb3 $6 19. Ra3) 19. exf5 Rxf5 20. a5 (20. Qxd7 $143 Bxh2+ $1 21. Kh1 Raf8
$40) 20... d5 $36 {[+]}) (18. Qxd7 $142 $5 Bxc3 (18... Bd4 19. Qb5 $1 Qxb5 20.
Nxb5 Nc2 21. Rb1 Rxa2 22. b4 $16) 19. bxc3 Nxa2 20. Bd2 $11) 18... Qb3 $36 19.
Nd5 Nc2 20. Rb1 Rfb8 $32 {[%mdl 4] Black has nowhere to hurry, he has realized
the ideas of the 5...e6!? line in a model way and the a-pawn won't run away
from him.} (20... Nxa3 21. Ra1 Nc4 22. Ne7+ Kh8 23. Rxa8 Rxa8 24. Qxd7 Bd4 $15)
21. Qe2 (21. Ne7+ Kf8 22. Qd5 (22. Qxd7 $2 Rd8 $19) 22... Qxd5 23. Nxd5 Nxa3
24. Bf4 Bxb2 $1 25. Bd6+ (25. Bxb8 Rxb8 $17) 25... Kg8 26. Bxb8 (26. Ne7+ Kh8
27. Bxb8 Nxb1 $17) 26... Rxb8 $17) 21... Nxa3 22. Ra1 Nc2 23. Rxa8 Rxa8 24. Be3
(24. Qg4 $5 $15) 24... Nxe3 {Here Black is impatient (contrary to move 20) and
releases the tension perhaps too early.} (24... d6 $5 $17 {[%csl Rb2] ><b2})
25. Nxe3 Bxb2 (25... d6 26. Nc4 $132) (25... Qxb2 26. Qxb2 Bxb2 27. Rxd7 Bd4 (
27... Ra1+ 28. Rd1 Rxd1+ 29. Nxd1 Bd4 30. Kf1 Kf8 31. Ke2 $11) 28. Nc2 Kf8 29.
Kf1 $11) 26. Rxd7 Bd4 27. g3 (27. Nf1 g6 $17 {[%cal Ra8a2] /\Ra2}) 27... g6 $5
(27... Bxe3 28. Qxe3 Qxe3 29. fxe3 Rc8 30. Kf1 c4 31. Ke2 c3 (31... Kf8 32. Kd2
$11) 32. Kd1 c2+ 33. Kc1 Kf8 34. Rd2 Rc3 $15 {/= gives only slight winning
chances, Black has higher ambitions.}) (27... Qe6 28. Qg4 Qxg4 (28... Bxe3 29.
Qxe6 Bxf2+ 30. Kxf2 fxe6 31. Ke3 Ra2 32. h4 $132) 29. Nxg4 h5 30. Ne3 Bxe3 31.
fxe3 Rc8 32. Kf2 c4 33. Ke2 c3 34. Kd1 c2+ 35. Kc1 Rc3 $15 {/-/+ is a better
version of the above endgame.}) 28. Qf3 Qe6 29. Rc7 (29. Rd5 Ra3 30. Qf4 Bxe3 (
30... Qh3 $4 31. Rd8+ Kg7 32. Nf5+ $1 $18) 31. fxe3 Ra1+ 32. Kg2 Ra2+ 33. Kg1
Qb6 $17) 29... Ra3 30. Qg4 $4 {[%mdl 8192]} (30. Kg2 Bxe3 (30... c4 31. Qg4 $1
$132) 31. fxe3 Ra2+ 32. Kg1 Qc4 $40) (30. Qg4 $4 Rxe3 $1 31. Qxe6 (31. Rc8+ Kg7
$19) 31... Re1+ $19) 0-1